00489nam a2200181 a 4500001001300000003000900013005001700022008004100039020002300080082001400103100002100117245004600138260004000184300000900224500003500233650001800268700002100286nice12345678IN_TiNIC20260116014801.0100106s2010 dela grp 000 0 eng  a8170175046 c39000a954bMAS1 aMassey, Reginaln aSouth Asia Definitions and Clarifications aDelhi bAbhinav Publications c2010 a263p aincludes index and biblioraphy aIndia-History1 aMassey, Reginaln